000 01631 a2200253 4500
003 OSt
005 20180116192342.0
008 120529t xxu||||| |||| 00| 0 eng d
020 _a9789057680205 (paperback)
020 _a9789057680205 (paperback)
040 _c0
082 0 4 _a769.952
100 0 _aPress, Pepin.
_92497
245 1 0 _aJapanese patterns /
_cPepin Press.
260 _aAmsterdam:
_bPepin Press,
_c2005.
300 _a168 p. :
_bill. ;
_c22 cm.
490 1 _aAgile rabbit editions.
520 _aJapan?s ornamental tradition is famous for its subdued and highly stylised motifs. Many of these take their inspiration from the natural world, with typical favourites such as the crane and the carp, as well as an enormous variety of flowers and foliage. All the illustrations are stored in high-resolution format on the enclosed free CD-ROM and are ready to use for professional quality printed media and web page design. The pictures can also be used to produce postcards, or to decorate your letters, flyers, etc. They can be imported directly from the CD into most design, image- manipulation, illustration, word-processing and e-mail programs; no installation is required. For most applications, single images can be used free of charge. Please consult the introduction to this book, or visit our website for conditions.
650 1 0 _aGraphic arts
_zJapan
_92498
830 0 _aAgile rabbit editions.
_92499
856 4 0 _3Amazon.com
_uhttp://www.amazon.com/exec/obidos/ASIN/9057680203/chopaconline-20
942 _aSADA
_cBK
_k769.952 PRE 2005
_2ddc
999 _c352697
_d352697